000 00647nam a2200181Ia 4500
008 100921s9999 xx 000 0 und d
082 _b17923
_a891.463 थ 82
100 _aअष्टीकर मंदाकिनी.
245 _aगंध होता चंदनाला.
260 _bमनोरमा प्रकाशन,मुंबई.
_c1982
300 _a212
_b---
365 _b30
520 _aललित-कादंबरी.
630 _aगंध होता चंदनाला.
650 _aललित-कादंबरी.
730 _aगंध होता चंदनाला.
942 _cBOOK
999 _c767036
_d767033